000 00398nam a2200181Ia 4500
001 16480
005 20260306170312.0
008 260306t2013||||xx |||||||||||||| ||und||
041 _aESP
082 _a348.6
_bL39
100 _aLegis PerĂº S.A.
_eAUT
245 0 _aRégimen laboral peruano
260 _c2013
300 _a
_c
650 _aGEN
654 _aCDE
942 _cLIB
_dJUS
_fJUS
_2ddc
_n
999 _c16480
_d16480